Théorie et pratique du séchage industriel
Saved in:
| Hovedforfatter: | |
|---|---|
| Format: | Bog |
| Sprog: | fransk |
| Udgivet: |
París
Dunod
1955
|
| Udgivelse: | 6a. ed |
| Fag: | |
| Tags: |
Tilføj Tag
Ingen Tags, Vær først til at tagge denne postø!
|
MARC
| LEADER | 00000nam a2200000 a 4500 | ||
|---|---|---|---|
| 001 | UCU7053 | ||
| 003 | CL-VaPUC | ||
| 008 | 960628e19550000FR |||||||||||||||||fre|d | ||
| 082 | 0 | 4 | |a 660.284 |b RAZ |2 21 |
| 100 | 0 | |a Razous, Paul |e author |9 365554 | |
| 245 | 1 | 0 | |a Théorie et pratique du séchage industriel |
| 250 | |a 6a. ed | ||
| 300 | |a 322 p | ||
| 942 | |c BK | ||
| 945 | |d 19960628 00:00:00 |a cmena | ||
| 260 | |a París |b Dunod |c 1955 | ||
| 650 | 7 | |a DESECACION |2 CL-VaPUC |9 328039 | |
| 650 | 0 | |a Deshidratación |9 365480 | |
| 650 | 0 | |a Química física |9 260596 | |
| 650 | 0 | |a Secado |9 331351 | |
| 650 | 0 | |a Absorción |9 306982 | |
| 650 | 7 | |a EVAPORACION |2 CL-VaPUC |9 264095 | |
| 650 | 0 | |a Alimentos |9 256203 | |
| 650 | 0 | |a Minería |9 326008 | |
| 650 | 7 | |a PINTURAS Y BARNICES |2 CL-VaPUC |9 339658 | |
| 650 | 0 | |a Industria metalúrgica |9 364008 | |
| 650 | 0 | |a Industria textil |9 359126 | |
| 650 | 7 | |a INDUSTRIA QUIMICA |2 CL-VaPUC |9 365555 | |
| 583 | |a last modification |c 19960628 00:00:00 |k Rodrigo Vera | ||
| 999 | |c 249763 |d 249761 | ||
| 952 | |0 0 |1 0 |4 0 |6 660_284000000000000_RAZ_1955 |7 0 |8 A |9 267261 |a BIBING |b BIBING |d 2019-11-19 |i 1697242 |o 660.284 RAZ 1955 |p 1697242 |r 2025-01-20 |w 2019-11-19 |y BK |k EIB | ||
| 952 | |0 0 |1 0 |4 0 |6 660_284000000000000_RAZ_1955 |7 0 |8 A |9 267262 |a BIBING |b BIBING |d 2019-11-19 |i 1725874 |o 660.284 RAZ 1955 |p 1725874 |r 2025-01-20 |w 2019-11-19 |y BK |k EIB | ||